00303 2200133 4500001002100000005001500021035002000036245002800056100000800084260003600092082000800128084001400136990001900150INLIS00000000000046420250828023733 a0010-08250000321 aAneka Suara Satu Dunia0 aTim aJakarta :bBalai Pustaka,c1983 a300 a300 TIM a a300.1998.00148